Basic Business Statistics: Concepts and Applications (Record no. 20169)
[ view plain ]
| 000 -LEADER | |
|---|---|
| fixed length control field | 00597nam a22002057a 4500 |
| 003 - CONTROL NUMBER IDENTIFIER | |
| control field | OSt |
| 005 - DATE AND TIME OF LATEST TRANSACTION | |
| control field | 20220812152607.0 |
| 008 - FIXED-LENGTH DATA ELEMENTS--GENERAL INFORMATION | |
| fixed length control field | 220812b |||||||| |||| 00| 0 eng d |
| 020 ## - INTERNATIONAL STANDARD BOOK NUMBER | |
| International Standard Book Number | 0131968696 |
| 040 ## - CATALOGING SOURCE | |
| Transcribing agency | IFM Library |
| 082 ## - DEWEY DECIMAL CLASSIFICATION NUMBER | |
| Classification number | 519.5 |
| 100 ## - MAIN ENTRY--PERSONAL NAME | |
| Personal name | Berenson, M. L |
| 9 (RLIN) | 4828 |
| 245 ## - TITLE STATEMENT | |
| Title | Basic Business Statistics: Concepts and Applications |
| 250 ## - EDITION STATEMENT | |
| Edition statement | 10th ed. |
| 260 ## - PUBLICATION, DISTRIBUTION, ETC. | |
| Place of publication, distribution, etc. | Tokyo: |
| Name of publisher, distributor, etc. | Pearson education international, |
| Date of publication, distribution, etc. | 2006 |
| 300 ## - PHYSICAL DESCRIPTION | |
| Extent | xxx,;898p. ill.; charts, graphs and tables, . |
| 500 ## - GENERAL NOTE | |
| General note | Includes Index |
| 700 ## - ADDED ENTRY--PERSONAL NAME | |
| Personal name | David, M. L and Timothy, C. K |
| 9 (RLIN) | 4829 |
| 942 ## - ADDED ENTRY ELEMENTS (KOHA) | |
| Koha item type | Books |
| Source of classification or shelving scheme | Dewey Decimal Classification |
| Suppress in OPAC | No |
| Withdrawn status | Lost status | Source of classification or shelving scheme | Damaged status | Not for loan | Collection code | Home library | Current library | Shelving location | Date acquired | Source of acquisition | Total Checkouts | Full call number | Barcode | Date last seen | Date last checked out | Price effective from | Koha item type |
|---|---|---|---|---|---|---|---|---|---|---|---|---|---|---|---|---|---|
| Dewey Decimal Classification | Non-fiction | IFM Main Campus Library | IFM Main Campus Library | General Collection | 08/12/2022 | Purchase | 1 | 519.5BER | 0000019353 | 05/19/2021 | 05/05/2021 | 02/19/2022 | Books |
